00833nam a22002177a 4500999001700000003000900017008004100026020002200067040007100089082002200160100003100182245005300213260003600266300005800302505014400360650001400504650003200518650002900550942001600579945002000595 c12956d12956AR-CdUCM190410b ||||| |||| 00| 0 spa d a978-612-00-0920-8 aMUNICIPALIDAD PROVINCIAL DEL CUSCOcBIBLIOTECA MUNICIPAL DEL CUSCO a985.6.755 /bH663 aHinojosa Gálvez, Alfredo aLa pintura cusqueña en la ideología Andina / aLima :bSuper Gráfica,c2012. a376 páginas ;bIlustraciones, Fotografias, c24 cm. aContenido: Historiografía Andina -- Evaluación del arte en los andes -- El arte inca -- Religión inca -- La invasión española ... aArte9561 aPinturas Cusqueñas931092 aHistoria del Perú9259 2ddccLIBROS acmmd2019-04-10